[Event "World Senior chT-50 2019"]
[Site "Rhodes"]
[Date "2019.04.24"]
[Round "9.27"]
[White "Jackson, Sheila"]
[Black "Barron, Michael"]
[Result "1/2-1/2"]
[WhiteElo "2051"]
[BlackElo "2124"]
[Annotator "NA"]
[PlyCount "109"]
[EventDate "2019.04.16"]
[EventType "team-tourn"]
[EventCountry "GRE"]
[SourceTitle "playchess.com"]
[Source "ChessBase"]
[SourceQuality "1"]
[WhiteTeam "England"]
[BlackTeam "Canada"]
[WhiteTeamCountry "ENG"]
[BlackTeamCountry "CAN"]
[TimeControl "40/5400+30:1800+30"]

1. e4 {[%emt 12:12:43]} e5 2. Nf3 {[%emt 0:00:06]} Nc6 {[%emt 0:00:03]} 3. Bb5 {[%emt 0:00:05]} a6 {[%emt 0:00:07]} 4. Ba4 {[%emt 0:00:06]} Nf6 {[%emt 0:00:01]} 5. O-O {[%emt 0:00:09]} Be7 {[%emt 0:00:01]} 6. d3 {[%emt 0:00:11]} b5 {[%emt 0:00:04]} 7. Bb3 {[%emt 0:00:04]} O-O {[%emt 0:00:07]} 8. Nc3 {[%emt 0:02:22]} d6 {[%emt 0:01:06]} 9. a3 {[%emt 0:00:09]} h6 {[%emt 0:00:06]} 10. h3 {[%emt 0:02:37]} Be6 {[%emt 0:00:03]} 11. Nd5 {[%emt 0:04:00]} Bxd5 {[%emt 0:00:03]} 12. exd5 {[%emt 0:03:48]} Nb8 {[%emt 0:01:04]} 13. Re1 {[%emt 0:04:33]} Nbd7 {[%emt 0:00:09]} 14. d4 {[%emt 0:01:47]} e4 {[%emt 0:02:47]} 15. Nd2 {[%emt 0:00:31]} Nb6 {[%emt 0:00:03]} 16. Nxe4 {[%emt 0:01:05]} Nfxd5 {[%emt 0:00:02]} 17. Qh5 {[%emt 0:05:16]} Nf6 {[%emt 0:05:21]} 18. Nxf6+ {[%emt 0:08:08]} Bxf6 {[%emt 0:00:02]} 19. c3 {[%emt 0:02:02]} Bg5 {[%emt 0:00:03]} 20. Bxg5 {[%emt 0:09:26]} Qxg5 {[%emt 0:00:08]} 21. Qxg5 {[%emt 0:00:59]} hxg5 {[%emt 0:00:01]} 22. Re7 {[%emt 0:06:11]} Rac8 {[%emt 0:04:27]} 23. Rae1 {[%emt 0:02:25]} Nc4 {[%emt 0:00:08]} 24. R1e2 {[%emt 0:05:28]} Rfd8 {[%emt 0:00:30]} 25. Bc2 {[%emt 0:10:19]} g6 {[%emt 0:01:50]} 26. Bd3 {[%emt 0:12:55]} Nb6 {[%emt 0:05:43]} 27. Be4 {[%emt 0:01:38]} d5 {[%emt 0:00:04]} 28. Bf3 {[%emt 0:00:27]} Kf8 {[%emt 0:00:37]} 29. R7e5 {[%emt 0:01:00]} Re8 {[%emt 0:01:15]} 30. Rxe8+ {[%emt 0:06:08]} Rxe8 {[%emt 0:00:02]} 31. Rxe8+ {[%emt 0:01:16]} Kxe8 {[%emt 0:00:01]} 32. b3 {[%emt 0:00:21]} Kd7 {[%emt 0:01:17]} 33. Kf1 {[%emt 0:00:23]} a5 {[%emt 0:04:25]} 34. Be2 {[%emt 0:01:56]} Kc6 {[%emt 0:01:11]} 35. Ke1 {[%emt 0:01:01]} Nc8 {[%emt 0:00:10]} 36. Kd2 {[%emt 0:03:03]} Nd6 {[%emt 0:00:02]} 37. Bd3 {[%emt 0:00:54]} Nc8 {[%emt 0:11:56]} 38. f3 {[%emt 0:00:57]} Nb6 {[%emt 0:00:06]} 39. g3 {[%emt 0:01:07]} a4 {[%emt 0:00:03]} 40. b4 {[%emt 0:01:19]} Nc8 {[%emt 0:00:35]} 41. Ke3 {[%emt 0:00:52]} Nd6 {[%emt 0:01:37]} 42. h4 {[%emt 0:05:35]} gxh4 {[%emt 0:00:06]} 43. gxh4 {[%emt 0:00:04]} Kd7 {[%emt 0:00:15]} 44. Kf4 {[%emt 0:04:02]} Ke6 {[%emt 0:00:02]} 45. Kg5 {[%emt 0:01:16]} c6 {[%emt 0:00:21]} 46. Bf1 {[%emt 0:03:12]} Ke7 {[%emt 0:00:18]} 47. Bd3 {[%emt 0:01:00]} Kf8 {[%emt 0:02:24]} 48. h5 {[%emt 0:03:26]} gxh5 {[%emt 0:01:16]} 49. Kxh5 Kg7 {[%emt 0:00:27]} 50. Kg5 {[%emt 0:00:15]} f6+ {[%emt 0:00:54]} 51. Kh5 {[%emt 0:05:28]} Kf7 {[%emt 0:00:08]} 52. Kg4 {[%emt 0:00:25]} Ke6 {[%emt 0:00:04]} 53. Kf4 {[%emt 0:00:17]} Nf7 {[%emt 0:00:03]} 54. Bf5+ {[%emt 0:00:53]} Ke7 {[%emt 0:00:08]} 55. Bh3 {[%emt 0:02:30]} 1/2-1/2

[Event "World Senior chT-50 2019"]
[Site "Rhodes"]
[Date "2019.04.24"]
[Round "9.28"]
[White "Chernik, Dmitry"]
[Black "Homer, Stephen J"]
[Result "1/2-1/2"]
[WhiteElo "1868"]
[BlackElo "2039"]
[Annotator "NA RC"]
[PlyCount "158"]
[EventDate "2019.04.16"]
[EventType "team-tourn"]
[EventCountry "GRE"]
[SourceTitle "playchess.com"]
[Source "ChessBase"]
[SourceQuality "1"]
[WhiteTeam "Canada"]
[BlackTeam "England"]
[WhiteTeamCountry "CAN"]
[BlackTeamCountry "ENG"]
[TimeControl "40/5400+30:1800+30"]

1. e4 {[%emt 0:00:00]} c5 {[%emt 0:00:00]} 2. Nc3 {[%emt 0:00:00]} Nc6 {[%emt 0:00:00]} 3. f4 {[%emt 0:00:42]} g6 {[%emt 0:00:00]} 4. Bb5 {[%emt 0:00:11]} Nd4 {[%emt 0:00:00]} 5. Nf3 {[%emt 0:00:06]} a6 {[%emt 0:00:06]} 6. Bc4 {[%emt 0:01:57] B23: Closed Sicilian: Lines without g3} Bg7 {[%emt 0:00:30]} 7. d3 {[%emt 0:00:43]} (7. Nxd4 cxd4 8. Ne2 d5 9. exd5 b5 10. Bb3 Bb7 11. O-O Qb6 12. d3 f5 13. Kh1 a5 {½-½ (32) Zeng,C (2541)-Lu,S (2570) China 2015}) 7... b5 {[%emt 0:00:26]} 8. Bd5 {[%emt 0:00:03]} Rb8 {[%emt 0:00:03]} 9. Nxd4 {[%emt 0:00:29]} cxd4 {[%emt 0:00:05]} 10. Ne2 {[%emt 0:00:16]} e6 {[%emt 0:09:30]} 11. Bb3 {[%emt 0:00:13]} Qh4+ $146 {[%emt 0:05:18]} ({Predecessor:} 11... Ne7 12. O-O O-O 13. Qe1 Bb7 14. Bd2 d6 15. Ba5 Qd7 {1-0 (37) Kladiva,I (2265)-Kulcsar,M Hungary 1992}) 12. Ng3 {[%emt 0:06:29]} Nh6 {[%emt 0:03:02]} 13. Qf3 {[%emt 0:00:15]} Bb7 {[%emt 0:01:02]} 14. Bd2 {[%emt 0:01:50]} O-O {[%emt 0:01:13]} 15. O-O {[%emt 0:06:23]} f5 {[%emt 0:03:36]} 16. Bb4 {[%emt 0:03:56]} Rf7 {[%emt 0:01:46]} 17. h3 {[%emt 0:06:33]} fxe4 {[%emt 0:08:15]} 18. dxe4 {[%emt 0:04:24]} Nf5 {[%emt 0:12:58]} 19. Be1 {[%emt 0:09:21]} Qe7 {[%emt 0:04:47]} 20. Bf2 {[%emt 0:03:18]} Rbf8 {[%emt 0:14:32]} 21. Qd3 {[%emt 0:01:04]} Nxg3 {[%emt 0:00:16]} 22. Bxg3 {[%emt 0:00:04]} Qc5 {[%emt 0:00:47]} 23. Kh2 {[%emt 0:05:01]} Qc6 {[%emt 0:04:29]} 24. Rf2 {[%emt 0:02:44]} Qxe4 {[%emt 0:02:10]} 25. Qxe4 {[%emt 0:06:45]} Bxe4 {[%emt 0:00:02]} 26. Re2 {[%emt 0:00:12]} Bc6 {[%emt 0:03:57]} 27. Rae1 {[%emt 0:04:41]} Rf5 {[%emt 0:02:00]} 28. Rd1 {[%emt 0:03:36]} a5 {[%emt 0:01:14]} 29. a3 {[%emt 0:00:38]} Bd5 {[%emt 0:02:23]} 30. Bxd5 {[%emt 0:02:53]} Rxd5 {[%emt 0:00:01]} 31. Be1 {[%emt 0:01:28]} Rxf4 {[%emt 0:01:44]} 32. Bxa5 {[%emt 0:01:29]} Rdf5 {[%emt 0:06:24]} 33. c3 {[%emt 0:04:03]} Rd5 {[%emt 0:05:46]} 34. Red2 {[%emt 0:04:26]} Kf7 {[%emt 0:00:01]} 35. g3 {[%emt 0:05:25]} Re4 {[%emt 0:02:07]} 36. Kg2 {[%emt 0:00:15]} dxc3 {[%emt 0:02:17]} 37. Rxd5 {[%emt 0:01:01]} exd5 {[%emt 0:00:07]} 38. bxc3 {[%emt 0:01:12]} d4 {[%emt 0:00:52]} 39. cxd4 {[%emt 0:00:49]} Rxd4 {[%emt 0:02:34]} 40. Re1 {[%emt 0:00:00]} Ra4 {[%emt 0:00:00]} 41. Bb4 {[%emt 0:01:06]} Bf6 {[%emt 0:02:06]} 42. g4 {[%emt 0:04:03]} Ra6 {[%emt 0:03:33]} 43. g5 {[%emt 0:01:58]} Bxg5 {[%emt 0:00:43]} 44. Re5 {[%emt 0:00:22]} Bc1 {[%emt 0:01:55]} 45. Re7+ {[%emt 0:00:52]} Kf6 {[%emt 0:00:01]} 46. Rxd7 {[%emt 0:00:15]} Bxa3 {[%emt 0:00:50]} 47. Bc3+ {[%emt 0:00:17]} Ke6 {[%emt 0:01:50]} 48. Rb7 {[%emt 0:00:16]} Rc6 {[%emt 0:00:02]} 49. Ba5 {[%emt 0:02:17]} Rc5 {[%emt 0:01:56]} 50. Kf3 {[%emt 0:05:18]} h5 {[%emt 0:00:56]} 51. Rb6+ {[%emt 0:01:16]} Kf5 {[%emt 0:00:13]} 52. Rb8 {[%emt 0:00:24]} Rd5 {[%emt 0:00:37]} 53. Ke2 {[%emt 0:04:00]} g5 {[%emt 0:04:37]} 54. Kf3 $2 {[%emt 0:05:47]} (54. Bd2) 54... g4+ {[%emt 0:00:17]} 55. hxg4+ {[%emt 0:00:45]} hxg4+ {[%emt 0:00:01]} 56. Kg2 {[%emt 0:00:11]} Re5 {[%emt 0:03:46]} 57. Rb7 $2 {[%emt 0:02:08]} (57. Bc3) 57... Re2+ {[%emt 0:00:22]} 58. Kf1 {[%emt 0:00:21]} Rb2 {[%emt 0:00:09]} 59. Rf7+ {[%emt 0:01:05]} Ke4 {[%emt 0:00:51]} 60. Rg7 {[%emt 0:00:25]} Kf3 {[%emt 0:00:47]} 61. Rf7+ {[%emt 0:00:56]} Ke3 {[%emt 0:00:34]} 62. Rg7 {[%emt 0:00:30]} Rf2+ {[%emt 0:02:04]} 63. Kg1 {[%emt 0:01:08]} Rf4 {[%emt 0:01:02]} 64. Kg2 {[%emt 0:02:25]} (64. Rb7 {is the only way for White.} Rf5 65. Kg2) 64... Bc5 {[%emt 0:01:15]} 65. Kg3 {[%emt 0:03:53]} Ra4 {[%emt 0:00:27]} 66. Be1 {[%emt 0:00:40]} Bd6+ {[%emt 0:00:14]} (66... Ke2 $142 67. Ba5 Bd6+ 68. Kg2 Rxa5) 67. Kh4 {[%emt 0:01:12]} g3+ {[%emt 0:01:01]} 68. Kh3 {[%emt 0:00:04]} Ra3 {[%emt 0:01:11]} 69. Rb7 {[%emt 0:01:27]} Ke2 {[%emt 0:00:25]} 70. Rb6 {[%emt 0:00:51]} Bf4 {[%emt 0:02:33]} 71. Bb4 {[%emt 0:02:43] [#]} Rf3 {[%emt 0:01:46]} (71... g2+ $142 $1 72. Kg4 (72. Kxg2 Rg3+) 72... g1=Q+ {[%mdl 64] Double Attack} 73. Kf5 Qg5+ 74. Ke6 Qe5+ 75. Kd7 Ra7+ 76. Rb7 Rxb7+ 77. Kc6 Qe4+ {[%mdl 64] Double Attack} 78. Kc5 Qc4#) 72. Rxb5 {[%emt 0:01:37] [#]} Kf1 $2 {[%emt 0:00:14]} (72... g2+ $1 {[%mdl 512] mates} 73. Kxg2 Rg3+ 74. Kh2 Rg5+ {[%mdl 64] Discovered Attack} 75. Kh3 Rxb5 76. Kg4 Rxb4 77. Kf5 Kf3 78. Kf6 Ke4 79. Ke7 Kf5 80. Kd7 Rb6 81. Ke8 Rb7 82. Kf8 Bd6+ 83. Kg8 Kg6 84. Kh8 Rb8#) 73. Bc5 $1 {[%emt 0:00:21]} g2+ {[%emt 0:00:53]} 74. Kg4 $11 {[%emt 0:01:05]} Rc3 {[%emt 0:03:32]} 75. Kxf4 {[%emt 0:00:38]} Rc4+ {[%emt 0:00:02]} 76. Kf3 {[%emt 0:00:33]} Rc3+ {[%emt 0:00:14]} 77. Kf4 {[%emt 0:00:09]} Rxc5 {[%emt 0:00:31]} 78. Rxc5 {[%emt 0:00:48]} g1=Q {[%emt 0:00:14]} 79. Rc1+ {[%emt 0:00:09]} Kg2 {[%emt 0:00:03]} 1/2-1/2

[Event "World Senior chT-50 2019"]
[Site "Rhodes"]
[Date "2019.04.24"]
[Round "9.33"]
[White "Priedite, Ingrida"]
[Black "Genta, Alejandro"]
[Result "1/2-1/2"]
[WhiteElo "2044"]
[BlackElo "2054"]
[Annotator "NA"]
[PlyCount "64"]
[EventDate "2019.04.16"]
[EventType "team-tourn"]
[EventCountry "GRE"]
[SourceTitle "playchess.com"]
[Source "ChessBase"]
[SourceQuality "1"]
[WhiteTeam "Latvia"]
[BlackTeam "Uruguay"]
[WhiteTeamCountry "LAT"]
[BlackTeamCountry "URU"]
[TimeControl "40/5400+30:1800+30"]

1. c4 {[%emt 0:00:00]} Nf6 {[%emt 0:01:00]} 2. Nc3 {[%emt 0:00:00]} e6 {[%emt 0:00:10]} 3. g3 {[%emt 0:01:35]} d5 {[%emt 0:00:13]} 4. d4 {[%emt 0:04:11]} Be7 {[%emt 0:09:21]} 5. Nf3 {[%emt 0:02:09]} O-O {[%emt 0:01:20]} 6. Bg2 {[%emt 0:01:22]} dxc4 {[%emt 0:00:16]} 7. Qa4 {[%emt 0:02:09]} a6 {[%emt 0:00:21]} 8. Qxc4 {[%emt 0:00:22]} b5 {[%emt 0:00:05]} 9. Qd3 {[%emt 0:04:36]} Bb7 {[%emt 0:00:11]} 10. Bg5 {[%emt 0:12:57]} Nbd7 {[%emt 0:02:06]} 11. O-O {[%emt 0:04:49]} c5 {[%emt 0:12:00]} 12. dxc5 {[%emt 0:09:38]} Nxc5 {[%emt 0:01:39]} 13. Qxd8 {[%emt 0:03:40]} Rfxd8 {[%emt 0:00:11]} 14. b4 {[%emt 0:02:44]} h6 {[%emt 0:33:54]} 15. Bxf6 {[%emt 0:08:36]} Bxf6 {[%emt 0:00:07]} 16. bxc5 {[%emt 0:00:06]} Bxc3 {[%emt 0:00:07]} 17. Rac1 {[%emt 0:00:08]} b4 {[%emt 0:00:09]} 18. Ne1 {[%emt 0:04:47]} Bxg2 {[%emt 0:03:24]} 19. Kxg2 {[%emt 0:00:07]} Rd2 {[%emt 0:00:09]} 20. Rc2 {[%emt 0:01:11]} Rxc2 {[%emt 0:00:35]} 21. Nxc2 {[%emt 0:00:09]} Rc8 {[%emt 0:00:05]} 22. Rb1 {[%emt 0:07:30]} Rxc5 {[%emt 0:05:49]} 23. Kf3 {[%emt 0:02:43]} Kf8 {[%emt 0:09:37]} 24. Ke3 {[%emt 0:08:47]} Rd5 {[%emt 0:10:03]} 25. a3 {[%emt 0:02:07]} a5 {[%emt 0:00:09]} 26. axb4 {[%emt 0:00:22]} axb4 {[%emt 0:00:08]} 27. Rb3 {[%emt 0:01:10]} f5 {[%emt 0:00:34]} 28. f4 {[%emt 0:01:53]} Ke8 {[%emt 0:02:45]} 29. h4 {[%emt 0:01:28]} e5 {[%emt 0:03:13]} 30. fxe5 {[%emt 0:01:40]} Rxe5+ {[%emt 0:00:05]} 31. Kf3 {[%emt 0:05:41]} h5 {[%emt 0:02:58]} 32. Nxb4 {[%emt 0:01:22]} Bxb4 {[%emt 0:00:28] Ke4 [%clk 00:05:40] Rxe4 [%clk 00:02:48]} 1/2-1/2

[Event "World Senior chT-50 2019"]
[Site "Rhodes"]
[Date "2019.04.24"]
[Round "9.34"]
[White "Braso, Jorge"]
[Black "Goldmane, Astra"]
[Result "1/2-1/2"]
[WhiteElo "2098"]
[BlackElo "2020"]
[Annotator "NA"]
[PlyCount "62"]
[EventDate "2019.04.16"]
[EventType "team-tourn"]
[EventCountry "GRE"]
[SourceTitle "playchess.com"]
[Source "ChessBase"]
[SourceQuality "1"]
[WhiteTeam "Uruguay"]
[BlackTeam "Latvia"]
[WhiteTeamCountry "URU"]
[BlackTeamCountry "LAT"]
[TimeControl "40/5400+30:1800+30"]

1. e4 {[%emt 0:00:00]} c5 {[%emt 0:00:00]} 2. Nf3 {[%emt 0:00:00]} a6 {[%emt 0:00:00]} 3. d4 {[%emt 0:01:09]} cxd4 {[%emt 0:00:00]} 4. Nxd4 {[%emt 0:00:03]} Nf6 {[%emt 0:00:04]} 5. Nc3 {[%emt 0:01:08]} e5 {[%emt 0:01:02]} 6. Nf3 {[%emt 0:02:19]} Bb4 {[%emt 0:02:34]} 7. Bd2 {[%emt 0:10:19]} d5 {[%emt 0:06:51]} 8. Nxd5 {[%emt 0:06:52]} Bxd2+ {[%emt 0:09:06]} 9. Nxd2 {[%emt 0:00:35]} Nxd5 {[%emt 0:00:37]} 10. exd5 {[%emt 0:00:03]} Qxd5 {[%emt 0:00:19]} 11. Nc4 {[%emt 0:00:46]} Qe4+ {[%emt 0:15:22]} 12. Qe2 {[%emt 0:01:13]} Qxe2+ {[%emt 0:00:06]} 13. Bxe2 {[%emt 0:00:02]} Nc6 {[%emt 0:00:22]} 14. O-O-O {[%emt 0:01:39]} O-O {[%emt 0:05:41]} 15. Nb6 {[%emt 0:01:30]} Rb8 {[%emt 0:00:28]} 16. c3 {[%emt 0:03:09]} Re8 {[%emt 0:08:01]} 17. Nxc8 {[%emt 0:00:25]} Rbxc8 {[%emt 0:02:28]} 18. Rd7 {[%emt 0:02:41]} Nd4 {[%emt 0:07:47]} 19. Bd1 {[%emt 0:01:01]} b5 {[%emt 0:00:31]} 20. Kb1 {[%emt 0:00:19]} Ne6 {[%emt 0:00:30]} 21. Bb3 {[%emt 0:01:07]} Kf8 {[%emt 0:04:08]} 22. Re1 {[%emt 0:02:16]} f6 {[%emt 0:10:21]} 23. Ra7 {[%emt 0:11:49]} Rcd8 {[%emt 0:19:06]} 24. Re3 {[%emt 0:18:38]} Nc5 {[%emt 0:01:42]} 25. Rg3 {[%emt 0:04:41]} Nxb3 {[%emt 0:01:24]} 26. Rgxg7 {[%emt 0:02:51]} Nd2+ {[%emt 0:00:31]} 27. Kc2 {[%emt 0:00:50]} Re6 {[%emt 0:00:17]} 28. Rxh7 {[%emt 0:05:35]} Kg8 {[%emt 0:00:02]} 29. Rag7+ {[%emt 0:00:18]} Kf8 {[%emt 0:00:01]} 30. Rf7+ {[%emt 0:00:21]} Kg8 {[%emt 0:00:02]} 31. Ra7 {[%emt 0:00:10]} Ree8 {[%emt 0:00:01]} 1/2-1/2

[Event "World Senior chT-50 2019"]
[Site "Rhodes"]
[Date "2019.04.24"]
[Round "9.35"]
[White "Ungure, Liga"]
[Black "Durante, Aurelio"]
[Result "1-0"]
[WhiteElo "1930"]
[BlackElo "1955"]
[Annotator "NA"]
[PlyCount "101"]
[EventDate "2019.04.16"]
[EventType "team-tourn"]
[EventCountry "GRE"]
[SourceTitle "playchess.com"]
[Source "ChessBase"]
[SourceQuality "1"]
[WhiteTeam "Latvia"]
[BlackTeam "Uruguay"]
[WhiteTeamCountry "LAT"]
[BlackTeamCountry "URU"]
[TimeControl "40/5400+30:1800+30"]

1. e4 {[%emt 0:00:00]} c5 {[%emt 0:00:23]} 2. Nf3 {[%emt 0:00:00]} Nc6 {[%emt 0:00:06]} 3. Bb5 {[%emt 0:00:00]} Na5 {[%emt 0:02:33]} 4. Nc3 {[%emt 0:05:08]} a6 {[%emt 0:01:27]} 5. Be2 {[%emt 0:00:12]} d6 {[%emt 0:00:34]} 6. d4 {[%emt 0:02:50]} cxd4 {[%emt 0:00:30]} 7. Qxd4 {[%emt 0:04:33]} e6 {[%emt 0:04:21]} 8. Be3 {[%emt 0:04:07]} Bd7 {[%emt 0:01:01]} 9. Qb6 {[%emt 0:07:48]} Qxb6 {[%emt 0:00:27]} 10. Bxb6 {[%emt 0:00:02]} Nc6 {[%emt 0:00:10]} 11. O-O-O {[%emt 0:01:46]} Rc8 {[%emt 0:01:37]} 12. Nd2 {[%emt 0:03:11]} Ne5 {[%emt 0:11:25]} 13. f4 {[%emt 0:02:10]} Ng6 {[%emt 0:04:02]} 14. g3 {[%emt 0:01:07]} Rc6 {[%emt 0:02:34]} 15. Nc4 {[%emt 0:02:29]} Nf6 {[%emt 0:11:25]} 16. Rhe1 {[%emt 0:08:24]} Nxe4 {[%emt 0:09:08]} 17. Nxe4 {[%emt 0:01:47]} d5 {[%emt 0:00:02]} 18. Ned2 {[%emt 0:04:26]} dxc4 {[%emt 0:38:06]} 19. Nxc4 {[%emt 0:01:28]} Bb4 {[%emt 0:01:54]} 20. c3 {[%emt 0:01:33]} Bc5 {[%emt 0:00:50]} 21. Bxc5 {[%emt 0:04:51]} Rxc5 {[%emt 0:00:01]} 22. Nd6+ {[%emt 0:02:56]} Ke7 {[%emt 0:00:02]} 23. Nxf7 {[%emt 0:02:48]} Rb8 {[%emt 0:02:51]} 24. Nd6 {[%emt 0:06:37]} Ba4 {[%emt 0:02:36]} 25. Rd4 {[%emt 0:02:24]} Bc6 {[%emt 0:00:47]} 26. Bg4 {[%emt 0:05:30]} Bd5 {[%emt 0:01:07]} 27. Ne4 {[%emt 0:02:13]} Rc4 {[%emt 0:01:49]} 28. Rxc4 {[%emt 0:04:00]} Bxc4 {[%emt 0:00:02]} 29. b3 {[%emt 0:01:00]} Bd5 {[%emt 0:00:24]} 30. Ng5 {[%emt 0:01:49]} Nf8 {[%emt 0:01:08]} 31. c4 {[%emt 0:07:50]} Bc6 {[%emt 0:00:56]} 32. Nxe6 {[%emt 0:00:53]} Nxe6 {[%emt 0:00:41]} 33. Bxe6 {[%emt 0:00:26]} Kf6 {[%emt 0:00:17]} 34. Bg4 {[%emt 0:00:55]} g6 {[%emt 0:00:44]} 35. Re6+ {[%emt 0:01:56]} Kf7 {[%emt 0:00:01]} 36. Rd6 {[%emt 0:00:10]} Ke7 {[%emt 0:00:24]} 37. Rd4 {[%emt 0:01:00]} a5 {[%emt 0:00:24]} 38. Kd2 {[%emt 0:00:25]} Kf6 {[%emt 0:00:29]} 39. Kc3 {[%emt 0:00:23]} Ke7 {[%emt 0:00:34]} 40. a3 {[%emt 0:00:00]} Rf8 {[%emt 0:00:00]} 41. b4 {[%emt 0:00:42]} axb4+ {[%emt 0:03:38]} 42. axb4 {[%emt 0:00:30]} h5 {[%emt 0:00:46]} 43. Bh3 {[%emt 0:02:52]} Ra8 {[%emt 0:00:49]} 44. b5 {[%emt 0:00:54]} Be8 {[%emt 0:00:02]} 45. Bg2 {[%emt 0:00:41]} Rb8 {[%emt 0:02:14]} 46. b6 {[%emt 0:01:01]} Rc8 {[%emt 0:04:06]} 47. Kb4 {[%emt 0:00:40]} Bc6 {[%emt 0:00:23]} 48. Bxc6 {[%emt 0:01:57]} Rxc6 {[%emt 0:00:02]} 49. Kb5 {[%emt 0:02:25]} Re6 {[%emt 0:01:30]} 50. Rd5 {[%emt 0:00:25]} Rf6 {[%emt 0:01:36]} 51. Rc5 {[%emt 0:01:17]} 1-0

[Event "World Senior chT-50 2019"]
[Site "Rhodes"]
[Date "2019.04.24"]
[Round "9.36"]
[White "Barboza, Mauro"]
[Black "Harlinska, Sandra"]
[Result "1-0"]
[WhiteElo "1873"]
[BlackElo "1833"]
[Annotator "NA RC"]
[PlyCount "151"]
[EventDate "2019.04.16"]
[EventType "team-tourn"]
[EventCountry "GRE"]
[SourceTitle "playchess.com"]
[Source "ChessBase"]
[SourceQuality "1"]
[WhiteTeam "Uruguay"]
[BlackTeam "Latvia"]
[WhiteTeamCountry "URU"]
[BlackTeamCountry "LAT"]
[TimeControl "40/5400+30:1800+30"]

1. e4 {[%emt 0:00:00]} g6 {[%emt 0:00:00]} 2. d4 {[%emt 0:00:00]} Bg7 {[%emt 0:00:00]} 3. Nf3 {[%emt 0:00:05]} d6 {[%emt 0:00:00]} 4. Bc4 {[%emt 0:01:07]} Nf6 {[%emt 0:01:10]} 5. Nc3 {[%emt 0:00:23]} c6 {[%emt 0:00:27]} 6. O-O {[%emt 0:00:12]} O-O {[%emt 0:11:04]} 7. Bb3 {[%emt 0:00:09]} Qc7 {[%emt 0:15:18]} 8. h3 {[%emt 0:06:02] B08: Pirc Defence: Classical System} (8. e5 dxe5 9. Nxe5 Nbd7 10. Nd3 Nb6 11. Bf4 Qd8 12. Be5 Bf5 13. Nc5 Nbd7 14. Nxd7 Qxd7 15. Qe2 Be6 {1-0 (60) Vallejo Pons,F (2698)-Anton Guijarro,D (2631) Dubai 2014}) 8... Nbd7 {[%emt 0:03:36]} 9. Be3 {[%emt 0:03:37]} b5 {[%emt 0:06:50]} 10. a3 {[%emt 0:18:26]} a6 {[%emt 0:00:21]} 11. Rb1 $146 {[%emt 0:07:56]} ({Predecessor:} 11. Qd2 c5 12. Nd5 Nxd5 13. Bxd5 Bb7 14. Bxb7 Qxb7 {0-1 (31) Gonzalez Perez,J (1376)-Alvarado Arcila,M (2035) Maracay 2018}) 11... Bb7 {[%emt 0:02:02]} 12. Qc1 {[%emt 0:07:34]} c5 {[%emt 0:07:35]} 13. dxc5 {[%emt 0:01:48]} Nxc5 {[%emt 0:04:42]} 14. Bxc5 {[%emt 0:15:24]} Qxc5 {[%emt 0:02:13]} 15. Re1 {[%emt 0:04:29]} e6 {[%emt 0:21:30]} 16. Qe3 {[%emt 0:03:55]} Qxe3 {[%emt 0:08:55]} 17. Rxe3 {[%emt 0:00:11]} Bh6 {[%emt 0:00:20]} 18. Re2 {[%emt 0:01:00]} Rfd8 {[%emt 0:01:19]} 19. Rd1 {[%emt 0:01:35]} Rd7 {[%emt 0:01:31]} 20. Nh2 {[%emt 0:05:42]} Rad8 {[%emt 0:01:54]} 21. Ng4 {[%emt 0:00:19]} Nxg4 {[%emt 0:01:49]} 22. hxg4 {[%emt 0:01:16]} Bc6 {[%emt 0:00:04]} 23. g3 {[%emt 0:02:42]} Bg7 {[%emt 0:04:58]} 24. Rd3 {[%emt 0:03:08]} a5 {[%emt 0:00:15]} 25. Re1 {[%emt 0:07:44]} b4 {[%emt 0:02:34]} 26. axb4 {[%emt 0:00:19]} axb4 {[%emt 0:00:02]} 27. Nd1 {[%emt 0:01:37]} Bb5 {[%emt 0:00:47]} 28. Rd2 {[%emt 0:01:24]} Rc7 {[%emt 0:00:27]} 29. Kg2 {[%emt 0:01:06]} Bc4 {[%emt 0:00:39]} 30. Bxc4 {[%emt 0:00:40]} Rxc4 {[%emt 0:00:04]} 31. Kf3 {[%emt 0:00:50]} Bh6 {[%emt 0:01:11]} 32. Ne3 {[%emt 0:00:48]} Rc5 {[%emt 0:00:09]} 33. Kg2 {[%emt 0:00:42]} d5 {[%emt 0:00:45]} 34. exd5 {[%emt 0:00:56]} exd5 {[%emt 0:00:00]} 35. f4 {[%emt 0:00:21]} Bg7 {[%emt 0:00:00]} 36. Nd1 {[%emt 0:02:02]} Kf8 {[%emt 0:00:10]} 37. Kf2 {[%emt 0:00:52]} d4 {[%emt 0:00:11]} 38. Re4 {[%emt 0:00:30]} Rdc8 {[%emt 0:00:21]} 39. Ree2 {[%emt 0:00:23]} Re8 {[%emt 0:01:40]} 40. Rxe8+ {[%emt 0:00:00]} Kxe8 {[%emt 0:00:00]} 41. Ke2 {[%emt 0:00:43]} h5 {[%emt 0:01:46]} 42. g5 {[%emt 0:00:25]} f6 {[%emt 0:00:20]} 43. gxf6 {[%emt 0:04:31]} Bxf6 {[%emt 0:00:07]} 44. Kd3 {[%emt 0:00:20]} g5 {[%emt 0:03:27]} 45. Nf2 {[%emt 0:05:42]} gxf4 {[%emt 0:05:28]} 46. Ne4 {[%emt 0:04:07]} Rc6 {[%emt 0:01:18]} 47. gxf4 {[%emt 0:00:42]} b3 {[%emt 0:02:54]} 48. cxb3 {[%emt 0:00:47]} Bg7 {[%emt 0:04:49]} 49. Rh2 {[%emt 0:01:01]} Rh6 {[%emt 0:01:15]} 50. Ng3 {[%emt 0:00:30]} Rb6 {[%emt 0:04:58]} 51. Nxh5 {[%emt 0:01:46]} Bf8 {[%emt 0:04:00]} 52. Kxd4 {[%emt 0:01:07]} Rxb3 {[%emt 0:00:18]} 53. Ke4 {[%emt 0:08:09]} (53. Nf6+ $16 Kf7 54. Nd7) 53... Kf7 {[%emt 0:00:49]} 54. Kf5 {[%emt 0:00:56]} Rb5+ {[%emt 0:00:46]} 55. Kg4 {[%emt 0:00:11]} Be7 {[%emt 0:02:13]} 56. Rc2 {[%emt 0:00:43]} Rb4 {[%emt 0:01:03]} 57. Rd2 {[%emt 0:01:47]} Ke6 {[%emt 0:01:29]} 58. Re2+ {[%emt 0:01:07]} Kf7 $1 {[%emt 0:00:18]} 59. Rc2 {[%emt 0:03:45]} Ke6 {[%emt 0:00:22]} 60. Ng7+ {[%emt 0:00:30]} Kf7 {[%emt 0:00:13]} 61. Nf5 {[%emt 0:00:25]} Bf6 {[%emt 0:01:00]} 62. Nd6+ {[%emt 0:00:26]} Ke6 {[%emt 0:01:21]} 63. Nc4 {[%emt 0:00:08]} Kd5 $16 {[%emt 0:00:43]} 64. Kf5 {[%emt 0:00:09]} (64. Ne3+ $14 Ke4 65. Nd1) 64... Bd4 {[%emt 0:00:22]} 65. Ne5 {[%emt 0:01:24]} Bxb2 {[%emt 0:01:13]} 66. Nd3 {[%emt 0:00:21]} Ba3 {[%emt 0:01:56]} 67. Nxb4+ {[%emt 0:00:16]} Bxb4 {[%emt 0:00:01]} 68. Kg6 {[%emt 0:00:15]} Ke6 {[%emt 0:00:03]} 69. f5+ {[%emt 0:00:17]} Ke7 {[%emt 0:00:01]} 70. f6+ {[%emt 0:00:20]} Ke6 {[%emt 0:00:03]} 71. Re2+ {[%emt 0:00:22]} Kd5 {[%emt 0:00:08]} 72. f7 {[%emt 0:00:15]} Bf8 {[%emt 0:00:10]} 73. Re8 {[%emt 0:00:11]} Ba3 {[%emt 0:00:04]} 74. f8=Q {[%emt 0:00:19]} Bxf8 {[%emt 0:00:02]} 75. Rxf8 {[%emt 0:00:10]} Kd4 {[%emt 0:00:04]} 76. Kf5 {[%emt 0:00:21]} 1-0